| 000 | 02051nam2a22002651 4500 | ||
|---|---|---|---|
| 001 | RU\NLR\INFOCOMM21\5000037315 | ||
| 005 | 20250617025131.0 | ||
| 035 | _a(NLR Aleph) 002394127 | ||
| 090 |
_a4639550 _c4639550 |
||
| 100 | _a20050117d1867 |||y0rusy50 ca | ||
| 101 | 0 | _arus | |
| 102 | _aRU | ||
| 105 | _ay ||||000|y | ||
| 200 | 0 | _aГ.7 1867/1868, [Т.7], №5/8 | |
| 210 |
_d1867 _aБ. м. |
||
| 421 | 0 |
_12001#$aОбозрение немецкой педагогической литературы за последние шесть лет (1861-1866 г.г.) _1210##$a[СПб.$d1868] _1309##$aПриплетено ... 1868 №17/24 _1316##$aЭкз. деф.: отсутствуют с.97-112 _tОбозрение немецкой педагогической литературы за последние шесть лет (1861-1866 г.г.) |
|
| 421 | 0 |
_12001#$aКурс алгебры, основанный на постепенном обобщении арифметических задач$fА.Н. Страннолюбинский _1210##$aСПб.$d1868 _1309##$aПриплетено ... 1868 №17/24 _1700#1$aСтраннолюбинский$bА.Н. _tКурс алгебры, основанный на постепенном обобщении арифметических задач _aСтраннолюбинский, А.Н. |
|
| 461 | 0 |
_1001RU\NLR\INFOCOMM21\5000037173 _12001#$aУчитель$eЖурн. для наставников, родителей и всех желающих заниматься воспитанием и обучением детей$vГ.7 1867/1868, [Т.7], №5/8 _94639500 _cСПб. _d1861-1870 _nИ. Паульсон и Н. Венсель _oЖурн. для наставников, родителей и всех желающих заниматься воспитанием и обучением детей _tУчитель _vГ.7 1867/1868, [Т.7], №5/8 |
|
| 801 | 1 |
_aRU _bInfoComm _c20050117 |
|
| 801 | 0 |
_aRU _bNLR _gPSBO |
|
| 852 |
_aNLR _j2/1638н |
||
| 942 | _cISSUE | ||
| 980 | _aNB | ||
| 980 | _aRUSPER | ||